Optimalizácia štruktúry daňového systému a jeho aplikácia na podmienky SR autoreferát dizertačnej práce

Na minha lista:
Detalhes bibliográficos
Autor principal: Rabatinová, Marcela, 1977-
Autor Corporativo: Vedecká rada Národohospodárskej fakulty EU v Bratislave
Outros Autores: Petrenka, Ján
Formato: Livro
Idioma:eslovaco
Publicado em: Bratislava 2006
Assuntos:
Tags: Adicionar Tag
Sem tags, seja o primeiro a adicionar uma tag!

MARC

LEADER 00000nam$a2200000$$$4500
001 0041595
005 20240502071511.4
041 0 |a slo 
044 |a SK 
245 1 0 |a Optimalizácia štruktúry daňového systému a jeho aplikácia na podmienky SR  |b autoreferát dizertačnej práce  |c Marcela Rabatinová ; školiteľ: Ján Petrenka 
264 1 |a Bratislava  |c 2006 
300 |a 28 s. 
610 2 0 |a systémy daňové 
610 2 0 |a optimalizácia 
610 2 0 |a politika daňová 
610 2 0 |a Slovensko 
100 1 |a Rabatinová, Marcela, 1977- 
700 1 |a Petrenka, Ján 
710 2 |a Vedecká rada Národohospodárskej fakulty EU v Bratislave